Klicke die Länder Afrikas auf einer Karte - Statistiken

Allgemein
  • Dieses Quiz wurde 1.664 mal gespielt
  • Das Durchschnittsergebnis liegt bei 38 aus 54
Antworten auf der Karte
Die Antworten werden auf der Karte rot bzw. grün angezeigt, abhängig davon wie oft sie richtig erraten wurden.
 
Antwortstatistiken
Antwort % Korrekt
Ägypten
88%
Madagaskar
88%
Südafrika
87%
Marokko
85%
Algerien
83%
Demokratische Republik Kongo
82%
Sudan
82%
Südsudan
82%
Tunesien
81%
Libyen
80%
Lesotho
76%
Niger
76%
Nigeria
76%
Somalia
76%
Zentralafrikanische Republik
76%
Kap Verde
75%
Äthiopien
73%
Mali
73%
Mauretanien
73%
Togo
73%
Tschad
73%
Namibia
72%
Eritrea
71%
Komoren
71%
Ruanda
71%
São Tomé und Príncipe
71%
Angola
70%
Kenia
70%
Tansania
70%
Benin
69%
Eswatini
69%
Mosambik
69%
Seychellen
69%
Ghana
67%
Kamerun
67%
Botswana
66%
Elfenbeinküste
66%
Mauritius
66%
Senegal
66%
Simbabwe
65%
Äquatorialguinea
63%
Burundi
63%
Dschibuti
63%
Malawi
63%
Guinea
62%
Burkina Faso
61%
Guinea-Bissau
61%
Uganda
61%
Gabun
60%
Gambia
59%
Republik Kongo
58%
Sambia
58%
Sierra Leone
58%
Liberia
55%
Keine übereinstimmenden Quizze gefunden
Verteilung der Resultate
Anzahl Personen mit jedem Resultat
Perzentil nach korrekt beantworteten Fragen
Ihre Resultats-Entwicklung
Sie haben dieses Quiz noch nicht gespielt